<?xml version="1.0" encoding="UTF-8"?>
<record
    xmlns:xsi="http://www.w3.org/2001/XMLSchema-instance"
    xsi:schemaLocation="http://www.loc.gov/MARC21/slim http://www.loc.gov/standards/marcxml/schema/MARC21slim.xsd"
    xmlns="http://www.loc.gov/MARC21/slim">

  <leader>01648nam a2200457 i 4500</leader>
  <datafield tag="999" ind1=" " ind2=" ">
    <subfield code="c">23733</subfield>
    <subfield code="d">23733</subfield>
  </datafield>
  <controlfield tag="001">zpk20152708399</controlfield>
  <controlfield tag="005">20250212120739.0</controlfield>
  <controlfield tag="007">ta</controlfield>
  <controlfield tag="008">150716t20132013xo ac  e      001 0cslo  </controlfield>
  <datafield tag="020" ind1=" " ind2=" ">
    <subfield code="a">9788055608181</subfield>
    <subfield code="q">(bro&#x17E;ov&#xE1;no)</subfield>
  </datafield>
  <datafield tag="040" ind1=" " ind2=" ">
    <subfield code="a">ABA001</subfield>
    <subfield code="b">cze</subfield>
    <subfield code="e">rda</subfield>
    <subfield code="c">sk</subfield>
  </datafield>
  <datafield tag="041" ind1="1" ind2=" ">
    <subfield code="a">slo</subfield>
    <subfield code="h">eng</subfield>
  </datafield>
  <datafield tag="072" ind1=" " ind2="7">
    <subfield code="a">78.07</subfield>
    <subfield code="x">Hudebn&#xED;ci, skladatel&#xE9; a jin&#xE1; hudebn&#xED; povol&#xE1;n&#xED;</subfield>
    <subfield code="2">Konspekt</subfield>
  </datafield>
  <datafield tag="072" ind1=" " ind2="7">
    <subfield code="a">929</subfield>
    <subfield code="x">Biografie</subfield>
    <subfield code="2">Konspekt</subfield>
  </datafield>
  <datafield tag="080" ind1=" " ind2=" ">
    <subfield code="a">78.071.1/.2</subfield>
    <subfield code="2">MRF</subfield>
  </datafield>
  <datafield tag="080" ind1=" " ind2=" ">
    <subfield code="a">929</subfield>
    <subfield code="2">MRF</subfield>
  </datafield>
  <datafield tag="080" ind1=" " ind2=" ">
    <subfield code="a">785.16.071</subfield>
    <subfield code="2">MRF</subfield>
  </datafield>
  <datafield tag="080" ind1=" " ind2=" ">
    <subfield code="a">78.036.011.26</subfield>
    <subfield code="2">MRF</subfield>
  </datafield>
  <datafield tag="080" ind1=" " ind2=" ">
    <subfield code="a">(048.8)</subfield>
    <subfield code="2">MRF</subfield>
  </datafield>
  <datafield tag="080" ind1=" " ind2=" ">
    <subfield code="a">(0:82-94)</subfield>
    <subfield code="2">MRF</subfield>
  </datafield>
  <datafield tag="100" ind1="1" ind2=" ">
    <subfield code="a">Primi, Michele</subfield>
    <subfield code="4">aut</subfield>
    <subfield code="9">4339</subfield>
  </datafield>
  <datafield tag="240" ind1="1" ind2="0">
    <subfield code="a">Tragedies and mysteries of Rock'n'roll.</subfield>
    <subfield code="l">Slovensky</subfield>
  </datafield>
  <datafield tag="245" ind1="1" ind2="0">
    <subfield code="a">Kliatba rokenrolu :</subfield>
    <subfield code="b">&#x17E;ivot a smr&#x165; hudobn&#xFD;ch legiend /</subfield>
    <subfield code="c">Michele Primi ; z anglick&#xE9;ho origin&#xE1;lu Tragedies and mysteries of Rock'n'roll ... prelo&#x17E;ila Andrea Cs&#xE9;falvay Kopernick&#xE1;</subfield>
  </datafield>
  <datafield tag="250" ind1=" " ind2=" ">
    <subfield code="a">Prv&#xE9; slovensk&#xE9; vydanie</subfield>
  </datafield>
  <datafield tag="264" ind1=" " ind2="1">
    <subfield code="a">Bratislava :</subfield>
    <subfield code="b">Slovart,</subfield>
    <subfield code="c">[2013]</subfield>
  </datafield>
  <datafield tag="264" ind1=" " ind2="4">
    <subfield code="c">&#xA9;2013</subfield>
  </datafield>
  <datafield tag="300" ind1=" " ind2=" ">
    <subfield code="a">271 stran :</subfield>
    <subfield code="b">ilustrace, portr&#xE9;ty ;</subfield>
    <subfield code="c">23 cm</subfield>
  </datafield>
  <datafield tag="336" ind1=" " ind2=" ">
    <subfield code="a">text</subfield>
    <subfield code="b">txt</subfield>
    <subfield code="2">rdacontent</subfield>
  </datafield>
  <datafield tag="336" ind1=" " ind2=" ">
    <subfield code="a">statick&#xFD; obraz</subfield>
    <subfield code="b">sti</subfield>
    <subfield code="2">rdacontent</subfield>
  </datafield>
  <datafield tag="337" ind1=" " ind2=" ">
    <subfield code="a">bez m&#xE9;dia</subfield>
    <subfield code="b">n</subfield>
    <subfield code="2">rdamedia</subfield>
  </datafield>
  <datafield tag="338" ind1=" " ind2=" ">
    <subfield code="a">svazek</subfield>
    <subfield code="b">nc</subfield>
    <subfield code="2">rdacarrier</subfield>
  </datafield>
  <datafield tag="500" ind1=" " ind2=" ">
    <subfield code="a">Obsahuje rejst&#x159;&#xED;k</subfield>
  </datafield>
  <datafield tag="650" ind1="0" ind2="7">
    <subfield code="a">rockov&#xED; hudebn&#xED;ci</subfield>
    <subfield code="2">czenas</subfield>
    <subfield code="9">4340</subfield>
  </datafield>
  <datafield tag="650" ind1="0" ind2="7">
    <subfield code="a">rockov&#xED; hudebn&#xED;ci</subfield>
    <subfield code="x">&#xFA;mrt&#xED;</subfield>
    <subfield code="2">czenas</subfield>
    <subfield code="9">4341</subfield>
  </datafield>
  <datafield tag="650" ind1="0" ind2="7">
    <subfield code="a">hudebn&#xED; skupiny</subfield>
    <subfield code="2">czenas</subfield>
    <subfield code="9">4342</subfield>
  </datafield>
  <datafield tag="650" ind1="0" ind2="7">
    <subfield code="a">rock'n'roll</subfield>
    <subfield code="2">czenas</subfield>
    <subfield code="9">4343</subfield>
  </datafield>
  <datafield tag="650" ind1="0" ind2="7">
    <subfield code="a">rock</subfield>
    <subfield code="2">czenas</subfield>
    <subfield code="9">4344</subfield>
  </datafield>
  <datafield tag="655" ind1=" " ind2="7">
    <subfield code="a">p&#x159;ehledy</subfield>
    <subfield code="2">czenas</subfield>
    <subfield code="9">3199</subfield>
  </datafield>
  <datafield tag="655" ind1=" " ind2="7">
    <subfield code="a">medailony</subfield>
    <subfield code="2">czenas</subfield>
    <subfield code="9">4345</subfield>
  </datafield>
  <datafield tag="700" ind1="1" ind2=" ">
    <subfield code="a">Cs&#xE9;falvay Kopernick&#xE1;, Andrea</subfield>
    <subfield code="4">trl</subfield>
    <subfield code="9">4346</subfield>
  </datafield>
  <datafield tag="952" ind1=" " ind2=" ">
    <subfield code="0">0</subfield>
    <subfield code="1">0</subfield>
    <subfield code="2">udc</subfield>
    <subfield code="4">0</subfield>
    <subfield code="7">0</subfield>
    <subfield code="8">D</subfield>
    <subfield code="a">10000</subfield>
    <subfield code="b">10000</subfield>
    <subfield code="d">2025-02-12</subfield>
    <subfield code="o">S1558</subfield>
    <subfield code="p">S1558</subfield>
    <subfield code="r">2025-02-12</subfield>
    <subfield code="w">2025-02-12</subfield>
    <subfield code="y">OLDO</subfield>
  </datafield>
</record>
